[Event "XL C.to Italiano a squadre Master"]
[Site "Arvier ITA"]
[Date "2008.05.02"]
[Round "3.1"]
[White "Huebner, Robert"]
[Black "Shytaj, Luca"]
[Result "1/2-1/2"]
[WhiteElo "2599"]
[BlackElo "2467"]
[PlyCount "59"]
[EventDate "2008.05.01"]
[EventType "swiss"]
[EventRounds "7"]
[EventCountry "ITA"]
[SourceDate "2008.05.01"]
[WhiteTeam "Vimar Scacchi Marostica"]
[BlackTeam "Salentina Confindustria Lecce"]
[WhiteTeamCountry "ITA"]
[BlackTeamCountry "ITA"]

1. d4 Nf6 2. Nf3 e6 3. g3 b5 4. Bg2 Bb7 5. O-O c5 6. c3 Nc6 7. Bg5 d5 8. Nbd2
cxd4 9. cxd4 h6 10. Bxf6 Qxf6 11. Nb3 Bd6 12. e4 dxe4 13. Nfd2 Ne7 14. Nxe4
Bxe4 15. Bxe4 Rc8 16. Qe2 Rb8 17. Qd2 O-O 18. Qa5 Nc8 19. Rac1 Qd8 20. Rc2 Qxa5
21. Nxa5 Rb6 22. Nc6 a6 23. Rfc1 Ne7 24. h4 g6 25. Kg2 Kg7 26. Nxe7 Bxe7 27. d5
exd5 28. Bxd5 Rd6 29. Bb3 Bf6 30. a4 1/2-1/2

[Event "XL C.to Italiano a squadre Master"]
[Site "Arvier ITA"]
[Date "2008.05.02"]
[Round "3.1"]
[White "Collutiis, Duilio"]
[Black "Godena, Michele"]
[Result "1/2-1/2"]
[WhiteElo "2415"]
[BlackElo "2528"]
[PlyCount "27"]
[EventDate "2008.05.01"]
[EventType "swiss"]
[EventRounds "7"]
[EventCountry "ITA"]
[SourceDate "2008.05.01"]
[WhiteTeam "Salentina Confindustria Lecce"]
[BlackTeam "Vimar Scacchi Marostica"]
[WhiteTeamCountry "ITA"]
[BlackTeamCountry "ITA"]

1. e4 e5 2. Nf3 Nc6 3. Bb5 a6 4. Bxc6 dxc6 5. O-O Bd6 6. d4 exd4 7. Qxd4 f6 8.
Be3 Ne7 9. Nbd2 Be6 10. Qc3 Qd7 11. Nc4 Bxc4 12. Qxc4 O-O-O 13. Rfd1 Ng6 14.
Bc5 1/2-1/2

[Event "XL C.to Italiano a squadre Master"]
[Site "Arvier ITA"]
[Date "2008.05.02"]
[Round "3.1"]
[White "Ortega, Lexy"]
[Black "Piscopo, Pierluigi"]
[Result "1/2-1/2"]
[WhiteElo "2459"]
[BlackElo "2379"]
[PlyCount "45"]
[EventDate "2008.05.01"]
[EventType "swiss"]
[EventRounds "7"]
[EventCountry "ITA"]
[SourceDate "2008.05.01"]
[WhiteTeam "Vimar Scacchi Marostica"]
[BlackTeam "Salentina Confindustria Lecce"]
[WhiteTeamCountry "ITA"]
[BlackTeamCountry "ITA"]

1. d4 Nf6 2. Nf3 c5 3. d5 e6 4. Nc3 b5 5. e4 b4 6. e5 bxc3 7. exf6 Qxf6 8. bxc3
c4 9. Rb1 Bc5 10. Bxc4 Qxc3+ 11. Nd2 Qe5+ 12. Be2 exd5 13. O-O O-O 14. Bb2 Qd6
15. Bf3 Nc6 16. c4 dxc4 17. Nxc4 Qxd1 18. Rfxd1 Rb8 19. Rbc1 Ba6 20. Ba1 Bb5
21. Ne5 Nxe5 22. Bxe5 d6 23. Bxd6 1/2-1/2

[Event "XL C.to Italiano a squadre Master"]
[Site "Arvier ITA"]
[Date "2008.05.02"]
[Round "3.1"]
[White "Sarno, Spartaco"]
[Black "Manca, Federico"]
[Result "1-0"]
[WhiteElo "2329"]
[BlackElo "2372"]
[PlyCount "57"]
[EventDate "2008.05.01"]
[EventType "swiss"]
[EventRounds "7"]
[EventCountry "ITA"]
[SourceDate "2008.05.01"]
[WhiteTeam "Salentina Confindustria Lecce"]
[BlackTeam "Vimar Scacchi Marostica"]
[WhiteTeamCountry "ITA"]
[BlackTeamCountry "ITA"]

1. d4 Nf6 2. c4 g6 3. Nc3 Bg7 4. e4 d6 5. Nf3 O-O 6. Be2 e5 7. O-O Nc6 8. d5
Ne7 9. b4 a5 10. bxa5 Rxa5 11. Nd2 c5 12. a4 Ne8 13. Ra3 f5 14. exf5 gxf5 15.
f4 e4 16. Nb5 Nc7 17. Rg3 Ng6 18. Bh5 Nxb5 19. cxb5 Bd4+ 20. Kh1 Qf6 21. Nc4
Ra7 22. Nb6 Kg7 23. Rg5 Re8 24. Nxc8 Rxc8 25. g4 Kh8 26. Bxg6 hxg6 27. gxf5 Rg8
28. Qg4 e3 29. Qh3+ 1-0

[Event "XL C.to Italiano a squadre Master"]
[Site "Arvier ITA"]
[Date "2008.05.02"]
[Round "3.2"]
[White "Palac, Mladen"]
[Black "Romero Holmes, Alfonso"]
[Result "1-0"]
[WhiteElo "2559"]
[BlackElo "2529"]
[PlyCount "55"]
[EventDate "2008.05.01"]
[EventType "swiss"]
[EventRounds "7"]
[EventCountry "ITA"]
[SourceDate "2008.05.01"]
[WhiteTeam "Il Massimo Banca Nuova"]
[BlackTeam "Obiettivo Risarcimento Padova"]
[WhiteTeamCountry "ITA"]
[BlackTeamCountry "ITA"]

1. e4 c5 2. Nf3 d6 3. d4 cxd4 4. Nxd4 Nf6 5. Nc3 g6 6. Be3 Bg7 7. f3 a6 8. Qd2
Nbd7 9. g4 b5 10. h4 Bb7 11. h5 b4 12. Nce2 e5 13. Nb3 d5 14. hxg6 hxg6 15.
Rxh8+ Bxh8 16. Qxb4 Qc7 17. g5 d4 18. gxf6 Bxf6 19. Bf2 a5 20. Qd2 a4 21. Nbc1
a3 22. b3 Nc5 23. Nd3 Ne6 24. Bh3 Bg5 25. Qb4 Ra5 26. Bxe6 fxe6 27. Qc4 Qb6 28.
b4 1-0

[Event "XL C.to Italiano a squadre Master"]
[Site "Arvier ITA"]
[Date "2008.05.02"]
[Round "3.2"]
[White "Bellini, Fabio"]
[Black "Lagumina, Giulio"]
[Result "1-0"]
[WhiteElo "2518"]
[BlackElo "2327"]
[PlyCount "63"]
[EventDate "2008.05.01"]
[EventType "swiss"]
[EventRounds "7"]
[EventCountry "ITA"]
[SourceDate "2008.05.01"]
[WhiteTeam "Obiettivo Risarcimento Padova"]
[BlackTeam "Il Massimo Banca Nuova"]
[WhiteTeamCountry "ITA"]
[BlackTeamCountry "ITA"]

1. e4 c5 2. Nf3 Nf6 3. e5 Nd5 4. Nc3 e6 5. Nxd5 exd5 6. c4 d4 7. Bd3 d6 8. Qe2
Be7 9. O-O Nc6 10. exd6 Qxd6 11. Be4 O-O 12. d3 Bg4 13. Re1 Rfe8 14. h3 Bh5 15.
Bd2 Bf6 16. Qf1 Re7 17. Ng5 h6 18. Bh7+ Kh8 19. Ne4 Qd8 20. Bf5 Re5 21. Bg4
Bxg4 22. hxg4 b6 23. f4 Re8 24. g5 Be7 25. gxh6 gxh6 26. f5 Bf8 27. Qf3 Qh4 28.
Nf2 Rac8 29. Rxe8 Rxe8 30. Qxc6 Re2 31. Be1 Be7 32. Qf3 1-0

[Event "XL C.to Italiano a squadre Master"]
[Site "Arvier ITA"]
[Date "2008.05.02"]
[Round "3.2"]
[White "Ramondino, Renzo"]
[Black "Arlandi, Ennio"]
[Result "0-1"]
[WhiteElo "2275"]
[BlackElo "2436"]
[PlyCount "64"]
[EventDate "2008.05.01"]
[EventType "swiss"]
[EventRounds "7"]
[EventCountry "ITA"]
[SourceDate "2008.05.01"]
[WhiteTeam "Il Massimo Banca Nuova"]
[BlackTeam "Obiettivo Risarcimento Padova"]
[WhiteTeamCountry "ITA"]
[BlackTeamCountry "ITA"]

1. e4 c5 2. Nf3 e6 3. c4 Nc6 4. Nc3 e5 5. g3 d6 6. d3 Be7 7. Bg2 f5 8. exf5
Bxf5 9. a3 Nf6 10. O-O O-O 11. Ne1 Qd7 12. Nc2 Bh3 13. Ne3 Bxg2 14. Kxg2 Rf7
15. Ned5 Nxd5 16. Nxd5 Raf8 17. Be3 Qf5 18. f3 h5 19. h3 Qg6 20. Kh2 h4 21. g4
Bg5 22. Bg1 e4 23. dxe4 Ne5 24. f4 Rxf4 25. Nxf4 Bxf4+ 26. Rxf4 Rxf4 27. Qd5+
Kh7 28. Rd1 Rf3 29. Qxd6 Rxh3+ 30. Kxh3 Qxg4+ 31. Kh2 Qg3+ 32. Kh1 Qf3+ 0-1

[Event "XL C.to Italiano a squadre Master"]
[Site "Arvier ITA"]
[Date "2008.05.02"]
[Round "3.2"]
[White "Vocaturo, Daniele"]
[Black "Amato, Andrea"]
[Result "1-0"]
[WhiteElo "2412"]
[BlackElo "2252"]
[PlyCount "79"]
[EventDate "2008.05.01"]
[EventType "swiss"]
[EventRounds "7"]
[EventCountry "ITA"]
[SourceDate "2008.05.01"]
[WhiteTeam "Obiettivo Risarcimento Padova"]
[BlackTeam "Il Massimo Banca Nuova"]
[WhiteTeamCountry "ITA"]
[BlackTeamCountry "ITA"]

1. e4 e6 2. Nf3 d5 3. Nc3 Nf6 4. e5 Nfd7 5. d4 c5 6. dxc5 Nc6 7. Bf4 Bxc5 8.
Bd3 f6 9. exf6 Nxf6 10. Qe2 O-O 11. O-O-O Bd7 12. h4 Bb4 13. Ne5 Bxc3 14. bxc3
Ne4 15. g3 Nxf2 16. Bxh7+ Kxh7 17. Qh5+ Kg8 18. Ng6 Rxf4 19. gxf4 Qf6 20. Rhg1
Rc8 21. Rdf1 Ne4 22. Qh8+ Kf7 23. Qh7 Qxc3 24. Ne5+ Ke7 25. Rxg7+ Kd6 26. Rxd7+
Kc5 27. Nd3+ Kd4 28. Qg7+ e5 29. Qg1+ Kc4 30. Nb2+ Kb4 31. Rxb7+ Ka5 32. Rxa7+
Nxa7 33. Qxa7+ Kb5 34. Qb7+ Ka5 35. Qa7+ Kb4 36. Qb6+ Ka3 37. Qa6+ Kb4 38. a3+
Qxa3 39. Qb6+ Kc3 40. Rf3# 1-0

[Event "XL C.to Italiano a squadre Master"]
[Site "Arvier ITA"]
[Date "2008.05.02"]
[Round "3.3"]
[White "Martorelli, Antonio"]
[Black "Scalcione, Michelangelo"]
[Result "0-1"]
[WhiteElo "2230"]
[BlackElo "2455"]
[PlyCount "64"]
[EventDate "2008.05.01"]
[EventType "swiss"]
[EventRounds "7"]
[EventCountry "ITA"]
[SourceDate "2008.05.01"]
[WhiteTeam "Mens Sana Siena"]
[BlackTeam "Platinum Bologna"]
[WhiteTeamCountry "ITA"]
[BlackTeamCountry "ITA"]

1. e4 d6 2. d4 Nf6 3. Nc3 e5 4. Nf3 Nbd7 5. Be2 c6 6. a4 Qc7 7. O-O Be7 8. b3
O-O 9. Bb2 Re8 10. Re1 Bf8 11. Bf1 b6 12. d5 cxd5 13. exd5 a6 14. Na2 Bb7 15.
c4 b5 16. cxb5 axb5 17. Bxb5 Nxd5 18. Rc1 Qd8 19. Nc3 Nf4 20. Ne4 Re6 21. Neg5
Rg6 22. Bxd7 Qxd7 23. Bxe5 Nxg2 24. Kxg2 Rxg5+ 25. Bg3 Rd5 26. Qe2 Rf5 27. Rc3
Rc8 28. Re3 Rxf3 29. Qxf3 Bxf3+ 30. Rxf3 Qb7 31. Ree3 g5 32. h3 f5 0-1

[Event "XL C.to Italiano a squadre Master"]
[Site "Arvier ITA"]
[Date "2008.05.02"]
[Round "3.3"]
[White "Ronchetti, Niccolo'"]
[Black "Caposciutti, Maurizio"]
[Result "1/2-1/2"]
[WhiteElo "2327"]
[BlackElo "2313"]
[PlyCount "96"]
[EventDate "2008.05.01"]
[EventType "swiss"]
[EventRounds "7"]
[EventCountry "ITA"]
[SourceDate "2008.05.01"]
[WhiteTeam "Platinum Bologna"]
[BlackTeam "Mens Sana Siena"]
[WhiteTeamCountry "ITA"]
[BlackTeamCountry "ITA"]

1. e4 c5 2. Nf3 Nc6 3. Bb5 d6 4. O-O Bd7 5. c3 Nf6 6. Re1 a6 7. Ba4 c4 8. d4
cxd3 9. Bg5 e6 10. Qxd3 Ne5 11. Bxd7+ Nfxd7 12. Nxe5 Nxe5 13. Qg3 Be7 14. Bxe7
Qxe7 15. Nd2 O-O 16. Nf3 Nxf3+ 17. Qxf3 Rac8 18. Rad1 Rc6 19. Rd3 h6 20. Red1
Rd8 21. Qg3 b5 22. h3 a5 23. Rd4 Qg5 24. Qxg5 hxg5 25. a4 Rb8 26. b4 bxa4 27.
bxa5 Rxc3 28. Rxa4 Rc6 29. a6 Ra8 30. a7 Rc7 31. Rda1 Kf8 32. Kh2 Ke7 33. Kg3
Kf6 34. R1a2 Rc3+ 35. f3 Rc7 36. Ra6 Rd7 37. R2a5 Kg6 38. Kg4 f6 39. Kg3 Kf7
40. Kf2 Ke7 41. g3 Rc7 42. Ra2 Rb7 43. h4 gxh4 44. gxh4 Rc7 45. Kg3 Kf7 46. Kf4
Ke7 47. Rg2 Kf7 48. Rga2 Ke7 1/2-1/2

[Event "XL C.to Italiano a squadre Master"]
[Site "Arvier ITA"]
[Date "2008.05.02"]
[Round "3.3"]
[White "Hautala, Roman"]
[Black "Mascellani, Marco"]
[Result "1/2-1/2"]
[WhiteElo "2239"]
[BlackElo "2309"]
[PlyCount "80"]
[EventDate "2008.05.01"]
[EventType "swiss"]
[EventRounds "7"]
[EventCountry "ITA"]
[SourceDate "2008.05.01"]
[WhiteTeam "Mens Sana Siena"]
[BlackTeam "Platinum Bologna"]
[WhiteTeamCountry "ITA"]
[BlackTeamCountry "ITA"]

1. e4 c5 2. Nf3 Nc6 3. d4 cxd4 4. Nxd4 Nf6 5. Nc3 d6 6. Bg5 a6 7. Qd2 e6 8.
O-O-O Bd7 9. f4 Be7 10. Nf3 h6 11. Bxf6 gxf6 12. g3 Qa5 13. Nd4 Nxd4 14. Qxd4
Bc6 15. Bh3 Qh5 16. Bg2 O-O-O 17. f5 Kb8 18. h4 Rhg8 19. Rd3 Qg4 20. Bh3 e5 21.
Qb6 Qg7 22. Nd5 Bxd5 23. exd5 Rd7 24. Rb3 Qf8 25. Bf1 Qd8 26. Qb4 Ka7 27. Qd2
Qc7 28. Qxh6 Rg4 29. Qe3+ Ka8 30. Rc3 Qb8 31. Be2 Rg8 32. h5 Rc7 33. Rb3 Qc8
34. Bd3 Rc5 35. Qf3 Rh8 36. h6 Rh7 37. Rh4 Bf8 38. Rhb4 Bxh6+ 39. Kb1 Rc7 40.
a3 Bd2 1/2-1/2

[Event "XL C.to Italiano a squadre Master"]
[Site "Arvier ITA"]
[Date "2008.05.02"]
[Round "3.3"]
[White "Tomba, Ivan"]
[Black "Patelli, Alessandro"]
[Result "0-1"]
[WhiteElo "2301"]
[BlackElo "2219"]
[PlyCount "56"]
[EventDate "2008.05.01"]
[EventType "swiss"]
[EventRounds "7"]
[EventCountry "ITA"]
[SourceDate "2008.05.01"]
[WhiteTeam "Platinum Bologna"]
[BlackTeam "Mens Sana Siena"]
[WhiteTeamCountry "ITA"]
[BlackTeamCountry "ITA"]

1. e4 c5 2. Nf3 d6 3. d4 cxd4 4. Nxd4 Nf6 5. Nc3 Nc6 6. Bc4 Qb6 7. Nb3 e6 8.
Be3 Qc7 9. Bd3 a6 10. f4 b5 11. Qf3 Bb7 12. g4 Be7 13. g5 Nd7 14. O-O-O Nc5 15.
Kb1 b4 16. Ne2 a5 17. Qh3 Nxb3 18. cxb3 a4 19. bxa4 Rxa4 20. g6 Bf6 21. gxf7+
Kxf7 22. Bc2 Rxa2 23. Kxa2 b3+ 24. Bxb3 Nb4+ 25. Ka3 Qa5+ 26. Ba4 Nc2+ 27. Kb3
Qb4+ 28. Kxc2 Qxb2+ 0-1

[Event "XL C.to Italiano a squadre Master"]
[Site "Arvier ITA"]
[Date "2008.05.02"]
[Round "3.4"]
[White "Tocchioni, Doriano"]
[Black "Polgar, Judit"]
[Result "0-1"]
[WhiteElo "2279"]
[BlackElo "2709"]
[PlyCount "52"]
[EventDate "2008.05.01"]
[EventType "swiss"]
[EventRounds "7"]
[EventCountry "ITA"]
[SourceDate "2008.05.01"]
[WhiteTeam "DLF Firenze A"]
[BlackTeam "Chieti"]
[WhiteTeamCountry "ITA"]
[BlackTeamCountry "ITA"]

1. d4 Nf6 2. Nf3 g6 3. Bg5 Bg7 4. Nbd2 d5 5. c3 b6 6. Bxf6 exf6 7. e3 O-O 8.
Bb5 Bb7 9. a4 c5 10. Be2 Nc6 11. O-O f5 12. g3 Rc8 13. Qb1 Qe7 14. Bb5 Na5 15.
Rc1 c4 16. b4 cxb3 17. Nxb3 Nc4 18. Nbd2 Nd6 19. Bf1 Ba8 20. Qb4 Rc7 21. a5 b5
22. a6 Rfc8 23. Rab1 Rb8 24. Nb3 Bf8 25. Ne5 Ne4 26. Na5 Qe6 0-1

[Event "XL C.to Italiano a squadre Master"]
[Site "Arvier ITA"]
[Date "2008.05.02"]
[Round "3.4"]
[White "Garcia Palermo, Carlos H"]
[Black "Cecconi, Giovanni A"]
[Result "1-0"]
[WhiteElo "2465"]
[BlackElo "2206"]
[PlyCount "79"]
[EventDate "2008.05.01"]
[EventType "swiss"]
[EventRounds "7"]
[EventCountry "ITA"]
[SourceDate "2008.05.01"]
[WhiteTeam "Chieti"]
[BlackTeam "DLF Firenze A"]
[WhiteTeamCountry "ITA"]
[BlackTeamCountry "ITA"]

1. d4 f5 2. Nf3 Nf6 3. c4 e6 4. g3 c6 5. Bg2 d5 6. O-O Bd6 7. b3 Qe7 8. a4 Ne4
9. Ba3 Bxa3 10. Nxa3 O-O 11. Nc2 Nd7 12. Nce1 Ndf6 13. Nd3 Bd7 14. Nfe5 Be8 15.
f3 Nd6 16. Qd2 Nf7 17. e3 Nxe5 18. dxe5 Nd7 19. Rfc1 Rf7 20. c5 g5 21. b4 Nf8
22. f4 Rg7 23. Ne1 h5 24. Nf3 Nh7 25. h4 gxh4 26. gxh4 Rg4 27. Kf2 Nf8 28. Rh1
Ng6 29. Bh3 Nf8 30. Rab1 b6 31. Qd4 Nd7 32. Rhc1 bxc5 33. bxc5 Nf8 34. Qb2 Rc8
35. Qb7 Rc7 36. Qa8 Rxh4 37. Rb8 Bg6 38. Rxf8+ Qxf8 39. Qxf8+ Kxf8 40. Nxh4 1-0

[Event "XL C.to Italiano a squadre Master"]
[Site "Arvier ITA"]
[Date "2008.05.02"]
[Round "3.4"]
[White "Bartolini, Tommaso"]
[Black "D'Amore, Carlo"]
[Result "0-1"]
[WhiteElo "2185"]
[BlackElo "2481"]
[PlyCount "66"]
[EventDate "2008.05.01"]
[EventType "swiss"]
[EventRounds "7"]
[EventCountry "ITA"]
[SourceDate "2008.05.01"]
[WhiteTeam "DLF Firenze A"]
[BlackTeam "Chieti"]
[WhiteTeamCountry "ITA"]
[BlackTeamCountry "ITA"]

1. d4 d6 2. Nf3 Nf6 3. c4 g6 4. Nc3 Bg7 5. e4 O-O 6. Be2 Bg4 7. Be3 Nfd7 8. Ng1
Bxe2 9. Ngxe2 c5 10. O-O Nc6 11. d5 Nce5 12. b3 Ng4 13. Bg5 a6 14. h3 Ngf6 15.
Qd2 b5 16. cxb5 axb5 17. Ng3 Qa5 18. Rac1 Rfe8 19. Bh6 Bh8 20. Qg5 b4 21. Na4
e6 22. f4 exd5 23. exd5 Ne4 24. Nxe4 Rxe4 25. Rce1 Rae8 26. Rxe4 Rxe4 27. f5
Qa8 28. Qd2 Bd4+ 29. Kh1 Qxd5 30. Qd3 Qc6 31. Bc1 Ne5 32. Qg3 Qa6 33. Re1 Bf2
0-1

[Event "XL C.to Italiano a squadre Master"]
[Site "Arvier ITA"]
[Date "2008.05.02"]
[Round "3.4"]
[White "Mogranzini, Roberto"]
[Black "Bocchicchio, Gaetano"]
[Result "1-0"]
[WhiteElo "2418"]
[BlackElo "2140"]
[PlyCount "67"]
[EventDate "2008.05.01"]
[EventType "swiss"]
[EventRounds "7"]
[EventCountry "ITA"]
[SourceDate "2008.05.01"]
[WhiteTeam "Chieti"]
[BlackTeam "DLF Firenze A"]
[WhiteTeamCountry "ITA"]
[BlackTeamCountry "ITA"]

1. e4 c5 2. Nf3 a6 3. c4 Nc6 4. d4 cxd4 5. Nxd4 e6 6. Nc3 Nxd4 7. Qxd4 Ne7 8.
Be3 Nc6 9. Qd2 Qa5 10. Be2 b5 11. cxb5 axb5 12. Nxb5 Bb4 13. Nc3 Bb7 14. O-O
O-O 15. a3 Bxc3 16. bxc3 Ne5 17. f4 Ng6 18. Bd3 f5 19. e5 Nh4 20. Bf2 Nxg2 21.
Rfb1 Qd5 22. Rxb7 Qxb7 23. Bf1 Nxf4 24. Qxf4 Qb2 25. Qc1 Qxc1 26. Rxc1 Ra5 27.
Bd4 Rb8 28. Ra1 Ra4 29. Bc5 Rg4+ 30. Kh1 Rb2 31. a4 Re4 32. Bd4 d6 33. exd6 e5
34. d7 1-0

[Event "XL C.to Italiano a squadre Master"]
[Site "Arvier ITA"]
[Date "2008.05.02"]
[Round "3.5"]
[White "Nguyen, Chi Minh"]
[Black "Di Caro, Calogero"]
[Result "1/2-1/2"]
[WhiteElo "2415"]
[BlackElo "2399"]
[PlyCount "74"]
[EventDate "2008.05.01"]
[EventType "swiss"]
[EventRounds "7"]
[EventCountry "ITA"]
[SourceDate "2008.05.01"]
[WhiteTeam "Monzascacchi A"]
[BlackTeam "La Zisa Palermo"]
[WhiteTeamCountry "ITA"]
[BlackTeamCountry "ITA"]

1. d4 d5 2. c4 c6 3. Nc3 Nf6 4. Nf3 Qb6 5. Qc2 Bg4 6. c5 Qc7 7. Ne5 Be6 8. Bf4
Qc8 9. f3 g6 10. g4 Bg7 11. e3 Nfd7 12. Nd3 h5 13. gxh5 Rxh5 14. Be2 Nf6 15.
O-O-O Rh8 16. e4 Nbd7 17. Be3 Nh5 18. Kb1 Ndf6 19. Ka1 Bh6 20. Bxh6 Rxh6 21.
Qd2 Rh8 22. Rhe1 Kf8 23. Nf2 Qc7 24. e5 Ne8 25. f4 Neg7 26. Bf3 Nf5 27. Ne2
Nhg7 28. Ng3 Rh4 29. Rg1 Ke8 30. Nxf5 Nxf5 31. Bg4 Qd7 32. Bxf5 Bxf5 33. Qe3
Kf8 34. Qg3 Rh5 35. Qf3 Rh4 36. Qg3 Rh5 37. Qf3 Rh4 1/2-1/2

[Event "XL C.to Italiano a squadre Master"]
[Site "Arvier ITA"]
[Date "2008.05.02"]
[Round "3.5"]
[White "Bentivegna, Francesco"]
[Black "Di Fonzo, Valerio"]
[Result "1-0"]
[WhiteElo "2361"]
[BlackElo "2212"]
[PlyCount "57"]
[EventDate "2008.05.01"]
[EventType "swiss"]
[EventRounds "7"]
[EventCountry "ITA"]
[SourceDate "2008.05.01"]
[WhiteTeam "La Zisa Palermo"]
[BlackTeam "Monzascacchi A"]
[WhiteTeamCountry "ITA"]
[BlackTeamCountry "ITA"]

1. d4 Nf6 2. Nc3 d5 3. Bg5 c6 4. e3 Qb6 5. Rb1 Bf5 6. Bd3 Bxd3 7. cxd3 Nbd7 8.
Nf3 h6 9. Bh4 g5 10. Bg3 Nh5 11. Ne5 Ndf6 12. O-O Nxg3 13. fxg3 h5 14. b4 a6
15. a4 g4 16. b5 Qc7 17. bxc6 bxc6 18. Ne2 Bh6 19. Nf4 Bxf4 20. Rxf4 Rc8 21.
Rf2 Rh6 22. Rfb2 Kf8 23. Qf1 Qa5 24. Qf4 Rh7 25. Rb8 Qc7 26. Ng6+ Kg7 27. Rxc8
Qxc8 28. Nxe7 Qe6 29. Rb8 1-0

[Event "XL C.to Italiano a squadre Master"]
[Site "Arvier ITA"]
[Date "2008.05.02"]
[Round "3.5"]
[White "Radice, Luca"]
[Black "Mazzilli, Piero"]
[Result "0-1"]
[WhiteElo "2098"]
[BlackElo "2332"]
[PlyCount "48"]
[EventDate "2008.05.01"]
[EventType "swiss"]
[EventRounds "7"]
[EventCountry "ITA"]
[SourceDate "2008.05.01"]
[WhiteTeam "Monzascacchi A"]
[BlackTeam "La Zisa Palermo"]
[WhiteTeamCountry "ITA"]
[BlackTeamCountry "ITA"]

1. d4 f5 2. h3 d5 3. Nf3 Nf6 4. c4 e6 5. Bf4 Be7 6. e3 O-O 7. Nc3 Ne4 8. Qc2 c6
9. Bxb8 Rxb8 10. O-O-O Bf6 11. g4 Qa5 12. Ne5 Nxc3 13. bxc3 Bxe5 14. dxe5 b5
15. c5 Qa3+ 16. Qb2 Qxc5 17. Rd4 a5 18. gxf5 exf5 19. f4 Be6 20. Kd2 Qe7 21.
Bg2 c5 22. Rd3 Rfd8 23. Ke2 d4 24. Kf2 Qh4+ 0-1